[Event "Prebor mesta Vsetina 2018"]
[Site "?"]
[Date "2018.07.05"]
[Round "2"]
[White "Mulenko, Alexander"]
[Black "Peterka, Josef"]
[Result "1/2-1/2"]
[WhiteElo "2109"]
[BlackElo "1820"]
[PlyCount "100"]
[EventDate "2018.??.??"]

1.Nf3 d5 2.c4 e6 3.g3 c6 4.b3 dxc4 5.bxc4 Nf6 6.Bg2 Be7 7.O-O O-O 8.d4 c5 9.
Bb2 cxd4 10.Nxd4 Qb6 11.Qb3 Bc5 12.Qxb6 axb6 13.Nb3 Be7 14.Rd1 Nc6 15.Nc3 Nd7
16.f4 Nc5 17.Kf1 Na4 18.Nxa4 Rxa4 19.Rdc1 Nb4 20.Bd4 Bd8 21.a3 Nc6 22.Bb2 Be7
23.c5 b5 24.Bc3 Rc4 25.Bxc6 bxc6 26.Bb4 Rxc1+ 27.Rxc1 Rd8 28.Na5 Bd7 29.Rd1
Be8 30.Rxd8 Bxd8 31.Nb7 Bc7 32.e4 f6 33.Ke2 e5 34.f5 Kf8 35.Ba5 Bb8 36.Bb6 Ke7
37.Na5 Kd7 38.g4 Bf7 39.Kd2 Ba2 40.Kc2 Bf7 41.Nb3 Bc4 42.Nc1 Bf7 43.Kc3 Bc4
44.Nd3 Bxd3 45.Kxd3 Bc7 46.Bxc7 Kxc7 47.Kc3 Kb7 48.Kb4 Ka6 49.a4 bxa4 50.Kxa4
Kb7 1/2-1/2

[Event "Prebor mesta Vsetina 2018"]
[Site "?"]
[Date "2018.07.05"]
[Round "2"]
[White "Laurincova, Kristyna"]
[Black "Zadrapa, Radek"]
[Result "1-0"]
[WhiteElo "1944"]
[BlackElo "2054"]
[PlyCount "71"]
[EventDate "2018.??.??"]

1.e4 e5 2.Nf3 Nc6 3.Bb5 Nf6 4.O-O Nxe4 5.Re1 Nd6 6.Bxc6 dxc6 7.Nxe5 Be6 8.Qe2
Qf6 9.b3 O-O-O 10.Bb2 Qh4 11.a4 h5 12.a5 a6 13.Ng6 fxg6 14.Qxe6+ Kb8 15.Qxg6
Rh6 16.Qg3 Nf5 17.Qxh4 Nxh4 18.Ra4 Nf5 19.Rf4 Nd6 20.Rxf8 Rxf8 21.Bxg7 Rfh8
22.Bxh6 Rxh6 23.Re5 Kc8 24.Nc3 Kd7 25.Ne4 Nxe4 26.Rxe4 Kd6 27.Rb4 Re6 28.Kf1
Re5 29.Rd4+ Ke6 30.Ra4 Kd6 31.d3 c5 32.h3 Kc6 33.f4 Rf5 34.g4 hxg4 35.hxg4 Rf8
36.f5 1-0

[Event "Prebor mesta Vsetina 2018"]
[Site "?"]
[Date "2018.07.05"]
[Round "2"]
[White "Horak, Martin"]
[Black "Vantuch, Lucian"]
[Result "0-1"]
[WhiteElo "2284"]
[BlackElo "1954"]
[PlyCount "99"]
[EventDate "2018.??.??"]

1.d4 Nf6 2.Bg5 e6 3.e4 h6 4.Bxf6 Qxf6 5.c3 d6 6.Bd3 Nd7 7.Ne2 a6 8.O-O b6 9.f4
Bb7 10.Nd2 g6 11.f5 gxf5 12.exf5 Rg8 13.Be4 Bxe4 14.Nxe4 Qg7 15.N4g3 O-O-O 16.
Qd3 Nb8 17.fxe6 fxe6 18.Nf4 Re8 19.Rae1 Qd7 20.Nfh5 Bg7 21.Nf6 Bxf6 22.Rxf6
Qa4 23.Qb1 e5 24.Nf5 Qc6 25.Qc2 Kb7 26.dxe5 Nd7 27.Nd4 Qd5 28.Rff1 Nxe5 29.Qe4
Qxe4 30.Rxe4 Nf3+ 31.Rxf3 Rxe4 32.Kf2 Rge8 33.Rf7 Re1 34.Nf5 R8e2+ 35.Kf3 Re6
36.g4 Ra1 37.Rh7 Kc8 38.Rh8+ Kd7 39.Rh7+ Kd8 40.Rh8+ Re8 41.Rxh6 Rxa2 42.g5
Rg8 43.g6 Ra1 44.Kf2 Ra5 45.Nd4 Ke8 46.h4 Ra2 47.h5 Rxb2+ 48.Kf3 Rb1 49.Rh7
Rh1 50.Ke4 0-1

[Event "Prebor mesta Vsetina 2018"]
[Site "?"]
[Date "2018.07.05"]
[Round "2"]
[White "Vraj, Karel"]
[Black "Vojta, Jakub"]
[Result "0-1"]
[WhiteElo "1942"]
[BlackElo "2124"]
[PlyCount "112"]
[EventDate "2018.??.??"]

1.e4 c5 2.Nf3 d6 3.d4 cxd4 4.Nxd4 Nf6 5.Nc3 a6 6.Be2 e6 7.Be3 Be7 8.f3 Qc7 9.
Qd2 b5 10.O-O O-O 11.a3 Bb7 12.Rac1 Nbd7 13.Bf2 d5 14.exd5 Nxd5 15.Ne4 N7b6
16.Kh1 Rac8 17.Rfd1 Rfd8 18.Qa5 Nc4 19.Qxc7 Rxc7 20.Bxc4 bxc4 21.Ne2 Rcd7 22.
Nc5 Bxc5 23.Bxc5 e5 24.Rd2 f5 25.Rcd1 Kf7 26.Nc3 Ke6 27.Nxd5 Rxd5 28.Rxd5 Rxd5
29.Rxd5 Kxd5 30.Be3 c3 31.b3 f4 32.Bb6 e4 33.fxe4+ Kxe4 34.Ba5 Ke3 35.Bxc3 Kf2
36.h4 Bxg2+ 37.Kh2 g6 38.Bd4+ Kf3 39.Kg1 Bh3 40.a4 Bf5 41.b4 Bxc2 42.b5 Bxa4
43.bxa6 Bc6 44.a7 h6 45.Bc5 g5 46.hxg5 hxg5 47.Be7 g4 48.Bd6 g3 49.Bc7 Kg4 50.
Bd6 f3 51.Bc5 Kf5 52.Bb6 Ke4 53.Bc5 Kd3 54.a8=Q Bxa8 55.Bd6 f2+ 56.Kf1 Bg2+
0-1

[Event "Prebor mesta Vsetina 2018"]
[Site "?"]
[Date "2018.07.05"]
[Round "2"]
[White "Zgarba, Radek"]
[Black "Pycha, Patrik"]
[Result "0-1"]
[WhiteElo "1936"]
[BlackElo "2097"]
[PlyCount "64"]
[EventDate "2018.??.??"]

1.e4 e6 2.d4 d5 3.Bd3 c5 4.dxc5 Bxc5 5.exd5 exd5 6.Nf3 Nf6 7.O-O O-O 8.Nbd2
Bg4 9.Nb3 Bb6 10.Bf4 Nc6 11.c3 Nh5 12.Bg3 Nxg3 13.hxg3 Qf6 14.a4 a6 15.Be2
Rfd8 16.a5 Ba7 17.Ra4 Bh5 18.Nfd4 Nxd4 19.Nxd4 Bg6 20.Bf3 Be4 21.Re1 Qg6 22.
Rb4 Rab8 23.Qb3 Bxf3 24.gxf3 b5 25.axb6 Bxb6 26.Kg2 h6 27.Re5 Qd6 28.Nf5 Qxe5
29.Rxb6 Rxb6 30.Qxb6 Rb8 31.Qa7 Rxb2 32.Ne7+ Kh7 0-1

[Event "Prebor mesta Vsetina 2018"]
[Site "?"]
[Date "2018.07.05"]
[Round "2"]
[White "Zvolensky, David"]
[Black "Brousek, Jiri"]
[Result "1-0"]
[WhiteElo "2040"]
[BlackElo "1929"]
[PlyCount "81"]
[EventDate "2018.??.??"]

1.e4 e6 2.d4 d5 3.Nc3 Nf6 4.e5 Nfd7 5.f4 a6 6.Nf3 c5 7.Be3 Nc6 8.dxc5 Bxc5 9.
Bxc5 Nxc5 10.Qd2 b5 11.Nd4 Qb6 12.Nxc6 Qxc6 13.Bd3 b4 14.Ne2 Nxd3+ 15.cxd3 a5
16.Rc1 Qb6 17.Qc2 Ba6 18.Kd2 O-O 19.Qc5 Qb7 20.Qc6 Qa7 21.Rhf1 Rfc8 22.Qd6 Rd8
23.Qc7 Qxc7 24.Rxc7 Rdc8 25.Rfc1 Kf8 26.Nd4 Ke8 27.Rxc8+ Rxc8 28.Rxc8+ Bxc8
29.Nc6 a4 30.Nxb4 f6 31.Kc3 Kf7 32.Nc2 g5 33.g3 h5 34.Kb4 Bd7 35.Kc5 h4 36.Kd6
hxg3 37.hxg3 Bb5 38.Nb4 gxf4 39.gxf4 fxe5 40.fxe5 Be8 41.Nc6 1-0

[Event "Prebor mesta Vsetina 2018"]
[Site "?"]
[Date "2018.07.05"]
[Round "2"]
[White "Kovarik, Matyas"]
[Black "Hrabovsky, Vladimir"]
[Result "1-0"]
[WhiteElo "1860"]
[BlackElo "1984"]
[PlyCount "57"]
[EventDate "2018.??.??"]

1.e4 c5 2.Nf3 g6 3.d4 cxd4 4.Nxd4 Bg7 5.Nc3 Nc6 6.Be3 Nf6 7.f3 O-O 8.Qd2 d6 9.
Bc4 Bd7 10.O-O-O Qa5 11.h4 Rfc8 12.Bb3 Ne5 13.h5 Nc4 14.Bxc4 Rxc4 15.hxg6 hxg6
16.Nde2 Rac8 17.Kb1 b5 18.Bh6 Bh8 19.Bf8 Rxf8 20.Rxh8+ Kxh8 21.Qh6+ Kg8 22.Nd5
Nxd5 23.Rh1 Bh3 24.Rxh3 Qe1+ 25.Nc1 Nc3+ 26.bxc3 Rb4+ 27.cxb4 Qxb4+ 28.Nb3
Qe1+ 29.Kb2 1-0

[Event "Prebor mesta Vsetina 2018"]
[Site "?"]
[Date "2018.07.05"]
[Round "2"]
[White "Frank, Adam"]
[Black "Gratze, Michael"]
[Result "1-0"]
[WhiteElo "1984"]
[BlackElo "1890"]
[PlyCount "63"]
[EventDate "2018.??.??"]

1.e4 c5 2.Nf3 d6 3.d4 cxd4 4.Nxd4 Nf6 5.Nc3 g6 6.Bg5 Bg7 7.Bb5+ Bd7 8.Qe2 a6
9.Bxd7+ Nbxd7 10.O-O-O Qa5 11.f4 Rc8 12.Nb3 Qb4 13.a3 Qc4 14.Qf3 h6 15.Bxf6
Bxf6 16.e5 dxe5 17.Qxb7 Qc7 18.Qxa6 exf4 19.Qa4 Qc6 20.Qxc6 Rxc6 21.Nd5 Ne5
22.Nd4 Rc8 23.Rhf1 O-O 24.Nxf6+ exf6 25.Rxf4 f5 26.b3 Ng4 27.h3 Ne3 28.Rd2 g5
29.Rxf5 Nxf5 30.Nxf5 Kh7 31.Rd6 f6 32.Rd7+ 1-0

[Event "Prebor mesta Vsetina 2018"]
[Site "?"]
[Date "2018.07.05"]
[Round "2"]
[White "Yanjinlkham, Bayarsaikhan"]
[Black "Travnicek, Krystof"]
[Result "1/2-1/2"]
[WhiteElo "1984"]
[BlackElo "1844"]
[PlyCount "120"]
[EventDate "2018.??.??"]

1.d4 Nf6 2.c4 e6 3.g3 d5 4.Bg2 c6 5.Nf3 Nbd7 6.O-O dxc4 7.Nfd2 Nb6 8.e3 c5 9.
Nxc4 Nxc4 10.Qa4+ Bd7 11.Qxc4 b5 12.Qe2 Rc8 13.Nc3 Qb6 14.Rd1 Be7 15.d5 b4 16.
dxe6 Bxe6 17.Nd5 Nxd5 18.Bxd5 Bxd5 19.Rxd5 c4 20.e4 O-O 21.Be3 Bc5 22.Bxc5
Rxc5 23.Rad1 c3 24.bxc3 bxc3 25.Qe3 Rxd5 26.exd5 Qxe3 27.fxe3 Rc8 28.Kf2 Kf8
29.Ke2 f5 30.Kd3 Ke7 31.Kc2 Kd6 32.Rd4 Rc5 33.a4 g5 34.g4 fxg4 35.Rxg4 Rxd5
36.Kxc3 h5 37.Rb4 Ke5 38.Rb7 a5 39.Re7+ Kf6 40.Rb7 Ke5 41.Kc4 Rd2 42.Rb5+ Ke4
43.h4 gxh4 44.Rxa5 h3 45.Rxh5 h2 46.Rh3 Kf5 47.a5 Kg4 48.Rh7 Kf3 49.Kb5 Kxe3
50.a6 Kf3 51.Kb6 Kg2 52.Rg7+ Kf1 53.Rf7+ Kg2 54.a7 Ra2 55.Rg7+ Kf1 56.Rf7+ Kg1
57.Rg7+ Kf1 58.Rf7+ Kg2 59.Rg7+ Kf1 60.Rf7+ Kg2 1/2-1/2

[Event "Prebor mesta Vsetina 2018"]
[Site "?"]
[Date "2018.07.05"]
[Round "2"]
[White "Zavodny, Jaroslav"]
[Black "Kersten, Julian"]
[Result "1/2-1/2"]
[WhiteElo "1773"]
[BlackElo "1979"]
[PlyCount "64"]
[EventDate "2018.??.??"]

1.e4 c5 2.Nc3 Nc6 3.f4 g6 4.Nf3 Bg7 5.Bb5 Nd4 6.O-O a6 7.Bd3 e6 8.e5 d5 9.Nxd4
cxd4 10.Ne2 Ne7 11.b3 Nc6 12.a3 O-O 13.Bb2 Qb6 14.g4 f6 15.exf6 Rxf6 16.Kg2
Bd7 17.g5 Rf7 18.Ng1 e5 19.fxe5 Rxf1 20.Qxf1 Rf8 21.Qe2 Nxe5 22.Rf1 Rxf1 23.
Qxf1 Qd8 24.Qf4 Nxd3 25.cxd3 Bf5 26.Nf3 Bxd3 27.Bxd4 Bxd4 28.Nxd4 Be4+ 29.Kg3
Qe7 30.h4 b5 31.b4 Qa7 32.Qe5 Qf7 1/2-1/2

[Event "Prebor mesta Vsetina 2018"]
[Site "?"]
[Date "2018.07.05"]
[Round "2"]
[White "Hiebert, Kenji"]
[Black "Matus, Filip"]
[Result "1-0"]
[WhiteElo "1969"]
[BlackElo "1766"]
[PlyCount "67"]
[EventDate "2018.??.??"]

1.Nf3 Nf6 2.c4 e6 3.Nc3 d5 4.d4 Be7 5.Bf4 O-O 6.e3 a6 7.c5 Nbd7 8.h3 Re8 9.Bd3
Nf8 10.O-O Ng6 11.Bh2 Bd7 12.b4 b6 13.Qe2 b5 14.a4 c6 15.Qb2 Qc8 16.Ra3 Qb7
17.Rfa1 Ra7 18.Ne5 Rea8 19.Nxd7 Qxd7 20.R1a2 Bf8 21.Qa1 Ne7 22.axb5 cxb5 23.
Bxb5 Qd8 24.Rxa6 Rxa6 25.Rxa6 Rxa6 26.Qxa6 Nc8 27.Bc6 Ne7 28.Ba4 Ne4 29.Nxe4
dxe4 30.Bd6 Nd5 31.Bxf8 Qxf8 32.b5 Qb8 33.b6 h6 34.Bc6 1-0

[Event "Prebor mesta Vsetina 2018"]
[Site "?"]
[Date "2018.07.06"]
[Round "3.1"]
[White "Kozior, Kamil"]
[Black "Jasny, Stanislav"]
[Result "1/2-1/2"]
[WhiteElo "2257"]
[BlackElo "2383"]
[PlyCount "23"]

1.e4 c5 2.Be2 Nc6 3.f4 e6 4.Nf3 d5 5.d3 Nf6 6.e5 Nd7 7.O-O Be7 8.c3 b5 9.Qe1
O-O 10.Qg3 f5 11.Be3 a5 12.Nbd2 1/2-1/2

[Event "Prebor mesta Vsetina 2018"]
[Site "?"]
[Date "2018.07.06"]
[Round "3.2"]
[White "Sosna, Jan"]
[Black "Kapusta, Petr"]
[Result "1-0"]
[WhiteElo "2349"]
[BlackElo "2179"]
[PlyCount "79"]

1.d4 Nf6 2.Nf3 g6 3.Bg5 Bg7 4.Nbd2 d6 5.e3 Nbd7 6.Bd3 c5 7.c3 O-O 8.O-O b6 9.
Re1 Bb7 10.Bh4 Re8 11.e4 cxd4 12.cxd4 e5 13.d5 h6 14.Bxf6 Nxf6 15.Rc1 Rc8 16.
Qa4 Re7 17.Rxc8 Bxc8 18.Bb5 Rc7 19.Bc6 Nh5 20.Nc4 Bg4 21.Nfd2 Bf8 22.f3 Bc8
23.Qb3 Nf4 24.g3 Qg5 25.Qe3 Bh3 26.Kf2 Rxc6 27.dxc6 d5 28.exd5 Bc5 29.Ne4
Bxe3+ 30.Rxe3 Qd8 31.gxf4 Qh4+ 32.Ke2 Qxf4 33.d6 Qxh2+ 34.Kd1 Be6 35.d7 Qh4
36.Rd3 Qh1+ 37.Kc2 Bxc4 38.d8=Q+ Kg7 39.Qf6+ Kh7 40.Rd8 1-0

[Event "Prebor mesta Vsetina 2018"]
[Site "?"]
[Date "2018.07.06"]
[Round "3.3"]
[White "Weinzettl, Ernst"]
[Black "Havelka, Ondrej"]
[Result "0-1"]
[WhiteElo "2213"]
[BlackElo "2124"]
[PlyCount "66"]

1.Nf3 d5 2.g3 Bg4 3.Bg2 c6 4.d3 e6 5.Nbd2 Bd6 6.c4 Nd7 7.b3 Ngf6 8.Bb2 O-O 9.
O-O e5 10.cxd5 cxd5 11.h3 Bh5 12.Nh4 Nc5 13.g4 Nxg4 14.hxg4 Bxg4 15.Nhf3 e4
16.dxe4 dxe4 17.Nxe4 Nxe4 18.Qd4 Nf6 19.Rfd1 Be7 20.Qe5 Qe8 21.Nd4 Rd8 22.Bxb7
Bd6 23.Qxe8 Rfxe8 24.f3 Bh3 25.e4 Nh5 26.Ne2 Nf4 27.Nxf4 Bxf4 28.Kf2 h5 29.Bd5
h4 30.Rg1 Rxd5 31.Rxg7+ Kf8 32.exd5 Be3+ 33.Ke2 Bd4+ 0-1

[Event "Prebor mesta Vsetina 2018"]
[Site "?"]
[Date "2018.07.06"]
[Round "3.4"]
[White "Gnojek, Petr"]
[Black "Vojta, Tomas"]
[Result "0-1"]
[WhiteElo "1962"]
[BlackElo "2350"]
[PlyCount "84"]

1.d4 Nf6 2.c4 c5 3.d5 b5 4.cxb5 a6 5.bxa6 d6 6.e4 g6 7.Nc3 Bg7 8.Bb5+ Bd7 9.
Bxd7+ Nbxd7 10.Qe2 O-O 11.Nf3 Qb6 12.O-O Rxa6 13.Nd2 Rfa8 14.Nc4 Qb7 15.Be3
Nb6 16.Nxb6 Rxb6 17.Rab1 Rb4 18.Qc2 Nd7 19.Bd2 c4 20.Nd1 Rb5 21.a4 Rb3 22.Qxc4
Ne5 23.Qc2 Rxa4 24.Bc3 Nc4 25.Bxg7 Kxg7 26.Qe2 Rab4 27.Rc1 Nxb2 28.Nxb2 Rxb2
29.Rc2 Qb6 30.Rxb2 Rxb2 31.Qd3 f6 32.Qc4 Rb4 33.Qd3 Qc5 34.Rb1 Qc3 35.Qf1 Rxe4
36.Rc1 Qe5 37.f3 Re2 38.Rd1 Kf7 39.h3 Qe3+ 40.Kh2 Rf2 41.Qd3 Qg5 42.Rg1 Rd2
0-1

[Event "Prebor mesta Vsetina 2018"]
[Site "?"]
[Date "2018.07.06"]
[Round "3.5"]
[White "Mudrak, Josej"]
[Black "Vraj, Ondrej"]
[Result "1-0"]
[WhiteElo "2264"]
[BlackElo "1891"]
[PlyCount "47"]

1.d4 d5 2.Nf3 Nf6 3.c4 c6 4.e3 Bg4 5.Nc3 e6 6.Qb3 Qb6 7.c5 Qxb3 8.axb3 Nbd7 9.
b4 a6 10.b5 cxb5 11.Bxb5 Rc8 12.Ba4 Ke7 13.Bd2 b6 14.b4 Nb8 15.Ne5 Bf5 16.cxb6
Ng4 17.b7 Rd8 18.Nc6+ Nxc6 19.Bxc6 Bd3 20.b5 Kd6 21.Rxa6 Nf6 22.Ra8 Be7 23.
Ne4+ Nxe4 24.Bb4+ 1-0

[Event "Prebor mesta Vsetina 2018"]
[Site "?"]
[Date "2018.07.06"]
[Round "3.6"]
[White "Bosak, Jan"]
[Black "Belunek, Vladimir"]
[Result "0-1"]
[WhiteElo "2119"]
[BlackElo "2212"]
[PlyCount "73"]

1.c4 g6 2.Nf3 Bg7 3.Nc3 c5 4.d4 cxd4 5.Nxd4 Nc6 6.e3 Nf6 7.Be2 O-O 8.O-O d6 9.
Qb3 Nd7 10.Rd1 Nc5 11.Qa3 a5 12.Nxc6 bxc6 13.Na4 Nxa4 14.Qxa4 c5 15.Rb1 Qb6
16.e4 Bb7 17.f3 Bc6 18.Qc2 Rfb8 19.Rd3 Bd4+ 20.Be3 e5 21.Kh1 Qd8 22.Rb3 Rxb3
23.Qxb3 Rb8 24.Qa3 Qb6 25.Bd2 Ra8 26.Qd3 Qb7 27.h3 Ra6 28.Kh2 Bd7 29.g4 f6 30.
f4 Bc6 31.Bf3 exf4 32.Bxf4 Qe7 33.b3 Ra8 34.Re1 Be5 35.Bxe5 Qxe5+ 36.Kg2 Re8
37.a4 0-1

[Event "Prebor mesta Vsetina 2018"]
[Site "?"]
[Date "2018.07.06"]
[Round "3.7"]
[White "Mica, Marek"]
[Black "Laurincova, Kristyna"]
[Result "1-0"]
[WhiteElo "2180"]
[BlackElo "1944"]
[PlyCount "87"]

1.d4 Nf6 2.c4 c5 3.d5 b5 4.cxb5 a6 5.bxa6 g6 6.Nc3 Bxa6 7.e4 Bxf1 8.Kxf1 d6 9.
Nf3 Nbd7 10.g3 Bg7 11.Kg2 O-O 12.a4 Ra6 13.Qc2 Qa8 14.Ra3 e6 15.dxe6 fxe6 16.
Re1 d5 17.exd5 exd5 18.Nb5 Qb7 19.Ng5 Ng4 20.f4 c4 21.Ne6 Re8 22.Nc5 Rxe1 23.
Nxb7 Rae6 24.Kf3 h5 25.Nd8 Rf1+ 26.Kg2 Ree1 27.Be3 Rh1 28.Kh3 Ndf6 29.Ne6 Ne4
30.Nxg7 Nef2+ 31.Qxf2 Nxf2+ 32.Bxf2 Re2 33.Kg2 Rc1 34.Nd4 Rxb2 35.a5 c3 36.a6
c2 37.Ne2 Re1 38.a7 Rxe2 39.a8=Q+ Kh7 40.Nxh5 Rxf2+ 41.Kh3 Rxh2+ 42.Kg4 gxh5+
43.Kg5 c1=Q 44.Ra7+ 1-0

[Event "Prebor mesta Vsetina 2018"]
[Site "?"]
[Date "2018.07.06"]
[Round "3.8"]
[White "Vojta, Jakub"]
[Black "Frank, Adam"]
[Result "0-1"]
[WhiteElo "2124"]
[BlackElo "1984"]
[PlyCount "74"]

1.e4 e5 2.Nf3 Nc6 3.Bb5 a6 4.Ba4 Nf6 5.O-O Be7 6.Re1 b5 7.Bb3 d6 8.c3 O-O 9.d3
Be6 10.Bc2 h6 11.Nbd2 Nh7 12.d4 exd4 13.Nxd4 Ne5 14.Bb3 Qd7 15.f4 Bxb3 16.axb3
Ng6 17.Rf1 c5 18.Nc2 Qc6 19.g3 Nf6 20.Qf3 Rfe8 21.Re1 Bd8 22.c4 Bc7 23.Ne3
bxc4 24.bxc4 Kh8 25.Nd5 Nxd5 26.cxd5 Qb5 27.Qc3 f5 28.b3 Bd8 29.e5 dxe5 30.
fxe5 Nxe5 31.Rf1 Bf6 32.Ra4 Qe2 33.Qxc5 Nd3 34.Qc2 Rac8 35.Rc4 Bd4+ 36.Kh1
Nf2+ 37.Kg2 Ng4+ 0-1

[Event "Prebor mesta Vsetina 2018"]
[Site "?"]
[Date "2018.07.06"]
[Round "3.9"]
[White "Vantuch, Lucian"]
[Black "Mulenko, Alexander"]
[Result "0-1"]
[WhiteElo "1954"]
[BlackElo "2109"]
[PlyCount "42"]

1.e4 Nf6 2.e5 Nd5 3.d4 d6 4.c4 Nb6 5.exd6 cxd6 6.d5 e5 7.Bd3 Na6 8.Ne2 Nc5 9.
b4 Nxd3+ 10.Qxd3 g6 11.Nbc3 Bf5 12.Ne4 Bg7 13.N2g3 Bxe4 14.Nxe4 f5 15.Nd2 e4
16.Nxe4 fxe4 17.Qxe4+ Qe7 18.Qxe7+ Kxe7 19.Bg5+ Bf6 20.Bxf6+ Kxf6 21.Rc1 Rac8
0-1

[Event "Prebor mesta VSetina 2018"]
[Site "?"]
[Date "2018.07.06"]
[Round "3.10"]
[White "Pycha, Patrik"]
[Black "Hiebert, Kenji"]
[Result "1-0"]
[WhiteElo "2097"]
[BlackElo "1969"]
[PlyCount "33"]

1.e4 c6 2.d4 d5 3.f3 e6 4.Nc3 Bb4 5.a3 Bxc3+ 6.bxc3 dxe4 7.Qe2 exf3 8.Nxf3 Nf6
9.Qe3 O-O 10.Bd3 b6 11.Qf2 Nbd7 12.O-O Bb7 13.Qh4 Re8 14.Ne5 Nf8 15.Bg5 Ng6
16.Nxg6 hxg6 17.Rxf6 1-0

[Event "Prebor mesta Vsetina 2018"]
[Site "?"]
[Date "2018.07.06"]
[Round "3.12"]
[White "Nytra, Ondrej"]
[Black "Zvolensky, David"]
[Result "0-1"]
[WhiteElo "1845"]
[BlackElo "2040"]
[PlyCount "58"]

1.e4 e5 2.Nf3 Nc6 3.Bb5 a6 4.Ba4 Nf6 5.O-O Be7 6.Re1 d6 7.c3 b5 8.Bb3 O-O 9.h3
Nb8 10.d4 Nbd7 11.Nbd2 Bb7 12.Qc2 c5 13.a3 Qb6 14.d5 c4 15.Ba2 Nc5 16.Re3 Nh5
17.Nf1 Nf4 18.Ng3 Ncd3 19.Bd2 Bc8 20.Ne2 Nxe2+ 21.Rxe2 f5 22.Be3 Qc7 23.Bg5
fxe4 24.Bxe7 exf3 25.Bxf8 fxe2 26.Qxe2 Kxf8 27.Qh5 g6 28.Qh6+ Kg8 29.Qg5 Bb7
0-1

[Event "Prebor mesta Vsetina 2018"]
[Site "?"]
[Date "2018.07.06"]
[Round "3.13"]
[White "Matejovsky, Ondrej"]
[Black "Jin, Yueheng"]
[Result "1/2-1/2"]
[WhiteElo "2028"]
[BlackElo "1713"]
[PlyCount "123"]

1.e4 c6 2.d4 d5 3.exd5 cxd5 4.c3 Nc6 5.Bd3 Nf6 6.Bg5 Bg4 7.Qb3 Na5 8.Qa4+ Bd7
9.Bb5 Nc4 10.Bxd7+ Qxd7 11.Qxd7+ Nxd7 12.b3 Ncb6 13.Nf3 e6 14.Kd2 Be7 15.Bxe7
Kxe7 16.Kd3 Rac8 17.Nbd2 Rc7 18.Rac1 Rhc8 19.Rhe1 Nf6 20.Ne5 Nfd7 21.Nxd7 Nxd7
22.Rc2 b5 23.b4 Kd6 24.Nb3 f6 25.Nc5 e5 26.f3 Nb6 27.Rce2 Nc4 28.a4 bxa4 29.
Nxa4 Re7 30.Nc5 a5 31.bxa5 Nxa5 32.Ra2 Nc6 33.Rb2 Rcc7 34.Ra1 exd4 35.cxd4
Nxd4 36.Kxd4 Rxc5 37.Rb6+ Rc6 38.Rxc6+ Kxc6 39.Ra6+ Kb5 40.Rd6 Re2 41.Rxd5+
Kc6 42.Rh5 h6 43.g3 Kd6 44.Kd3 Re6 45.Ra5 Re7 46.Ra6+ Kd5 47.Ra5+ Ke6 48.Ke3
Rb7 49.Ra6+ Kf5 50.Ra5+ Kg6 51.Ra2 Rb4 52.Kf2 Rb5 53.Kg2 Kf5 54.g4+ Kg6 55.Kg3
h5 56.h3 Kh6 57.Ra8 hxg4 58.hxg4 g5 59.Rh8+ Kg7 60.Ra8 Rb4 61.Ra7+ Kg6 62.Rc7
1/2-1/2

[Event "Prebor mesta VSetina 2018"]
[Site "?"]
[Date "2018.07.06"]
[Round "3.14"]
[White "Peterka, Josef"]
[Black "Engert, Marvin"]
[Result "0-1"]
[WhiteElo "1820"]
[BlackElo "2005"]
[PlyCount "78"]

1.d4 Nf6 2.e3 g6 3.Nf3 Bg7 4.c4 O-O 5.Nc3 d6 6.Bd3 Nbd7 7.Qc2 e5 8.O-O Ne8 9.
Rd1 f5 10.dxe5 dxe5 11.e4 f4 12.c5 g5 13.b4 g4 14.Ne1 Qh4 15.f3 Ndf6 16.Bf1
Nh5 17.fxg4 Qxg4 18.Nf3 Kh8 19.Bb2 Qg6 20.Nh4 Qf7 21.Bd3 Nhf6 22.Nf3 Ng4 23.
Bc1 Qh5 24.Bf1 Be6 25.Rb1 Rf6 26.Nd5 Rh6 27.h3 Ngf6 28.Bb2 Bxh3 29.Bxe5 Be6
30.Nxf4 Qh1+ 31.Kf2 Ng4+ 32.Ke2 Nxe5 33.Nxe5 Bxe5 34.Nxe6 Rxe6 35.Qb3 Qh5+ 36.
Qf3 Qh6 37.Rd7 Nf6 38.Rf7 Qg6 39.Rxf6 Bxf6 0-1

[Event "Prebor mesta VSetina 2018"]
[Site "?"]
[Date "2018.07.06"]
[Round "3.15"]
[White "Mostek, Jan"]
[Black "Yanjinlkham, Bayarsaikhan"]
[Result "1-0"]
[WhiteElo "1810"]
[BlackElo "1984"]
[PlyCount "125"]

1.d4 d5 2.Bf4 e6 3.e3 c5 4.c3 Nc6 5.Nd2 Nf6 6.Ngf3 Be7 7.Ne5 Nd7 8.Bd3 Ndxe5
9.dxe5 b6 10.h4 Bb7 11.Qg4 g6 12.Bb5 a6 13.Bxc6+ Bxc6 14.Rd1 h5 15.Qg3 Qc7 16.
Bg5 O-O-O 17.O-O Rhf8 18.Bh6 Rfe8 19.Bg5 Rd7 20.Qf4 Red8 21.Bxe7 Rxe7 22.Nf3
Kb7 23.Ng5 Ka7 24.Nh7 Bb7 25.Nf6 Qc6 26.f3 Qb5 27.Rd2 Rc8 28.Rfd1 a5 29.Kh2
Bc6 30.e4 dxe4 31.Nxe4 Bxe4 32.Qxe4 Qc6 33.Qxc6 Rxc6 34.Rd7+ Rc7 35.Rxc7+ Rxc7
36.Kg3 b5 37.Kf4 c4 38.Kg5 b4 39.Kf6 Kb6 40.g4 Kb5 41.gxh5 gxh5 42.Kg5 Ka4 43.
Kxh5 Rc5 44.f4 bxc3 45.bxc3 f6 46.Re1 Rd5 47.Kg6 fxe5 48.fxe5 Rd3 49.Kf6 Rxc3
50.Kxe6 Ka3 51.Kd5 Rh3 52.Kxc4 Rxh4+ 53.Kb5 a4 54.Re2 Rb4+ 55.Ka5 Rb5+ 56.Ka6
Rb8 57.e6 Re8 58.Kb5 Ra8 59.e7 Re8 60.Re3+ Kxa2 61.Kxa4 Kb2 62.Kb4 Kc2 63.Kc5
1-0

[Event "Prebor mesta VSetina 2018"]
[Site "?"]
[Date "2018.07.06"]
[Round "3.16"]
[White "Zadrapa, Radek"]
[Black "Zavodny, Jaroslav"]
[Result "1-0"]
[WhiteElo "2054"]
[BlackElo "1773"]
[PlyCount "83"]

1.d4 Nf6 2.c4 g6 3.Nc3 d5 4.Nf3 Bg7 5.Qb3 c6 6.Bf4 O-O 7.e3 e6 8.h3 Bd7 9.Qxb7
Qb6 10.Qxb6 axb6 11.Ne5 Rc8 12.Be2 Be8 13.O-O c5 14.Bf3 cxd4 15.exd4 Ra5 16.
cxd5 Nxd5 17.Nxd5 exd5 18.Rfc1 Bd7 19.b4 Rxc1+ 20.Rxc1 Ra4 21.Bxd5 Bxe5 22.
Bxe5 Na6 23.Bc6 Bxc6 24.Rxc6 f5 25.Rxb6 Nxb4 26.Rb7 Nd3 27.Rb3 Nc1 28.Rb8+ Kf7
29.Rb7+ Ke6 30.Rxh7 Rxa2 31.Rg7 Nd3 32.Rxg6+ Kd5 33.f3 f4 34.Rg4 Nxe5 35.dxe5
Kxe5 36.Kh2 Kf5 37.h4 Ra1 38.Rg5+ Kf6 39.Rb5 Rf1 40.h5 Kg7 41.Rb6 Kh7 42.Rf6
1-0

[Event "Prebor mesta Vsetina 2018"]
[Site "?"]
[Date "2018.07.06"]
[Round "3.17"]
[White "Kersten, Julian"]
[Black "Foukal, Jiri"]
[Result "1-0"]
[WhiteElo "1979"]
[BlackElo "1856"]
[PlyCount "109"]

1.g3 g6 2.Bg2 Bg7 3.Nf3 d5 4.O-O e5 5.d3 f5 6.e4 fxe4 7.dxe4 d4 8.c3 c5 9.Na3
Nc6 10.Bg5 Nf6 11.Nc4 Qc7 12.Re1 Be6 13.Na3 a6 14.cxd4 exd4 15.Bf4 Qd7 16.Ng5
Rc8 17.Nxe6 Qxe6 18.Qa4 O-O 19.Qc4 Nd8 20.e5 Qxc4 21.Nxc4 Nh5 22.Bd5+ Kh8 23.
Bg5 h6 24.e6 hxg5 25.e7 Re8 26.Nd6 Nf6 27.exd8=Q Rexd8 28.Nf7+ Kh7 29.Bxb7 Kg8
30.Nxd8 Rxd8 31.Bxa6 d3 32.Rad1 Ng4 33.Rxd3 Bd4 34.Re2 Rf8 35.Rdd2 Kg7 36.Kg2
Rh8 37.h3 Nf6 38.a4 g4 39.h4 Nd5 40.Re4 Nf6 41.Rexd4 cxd4 42.Rxd4 Rb8 43.Bb5
Rc8 44.b3 Rc3 45.Bc4 Rc2 46.a5 Ra2 47.b4 Ra4 48.Be2 Kf8 49.Rf4 Ke7 50.a6 Ra2
51.Bb5 Nd5 52.Re4+ Kd6 53.Bc4 Rd2 54.Bxd5 Rxd5 55.Rxg4 1-0

[Event "Prebor mesta VSetina 2018"]
[Site "?"]
[Date "2018.07.06"]
[Round "3.19"]
[White "Gratze, Michael"]
[Black "Horak, Martin"]
[Result "0-1"]
[WhiteElo "1890"]
[BlackElo "2284"]
[PlyCount "108"]

1.e4 c5 2.Nf3 d6 3.d4 cxd4 4.Qxd4 Nc6 5.Bb5 Bd7 6.Bxc6 Bxc6 7.Nc3 e6 8.O-O Nf6
9.Bg5 Be7 10.Rad1 O-O 11.Rfe1 Qa5 12.Qd2 Qc7 13.Nd4 Rfd8 14.Ndb5 Bxb5 15.Nxb5
Qb6 16.c4 a6 17.Nc3 Rac8 18.b3 Qc5 19.Qe3 b5 20.Qxc5 Rxc5 21.e5 dxe5 22.Rxd8+
Bxd8 23.Rd1 Be7 24.Be3 Rc7 25.c5 b4 26.Na4 Nd5 27.Rc1 f5 28.c6 Bf8 29.Bb6 Rc8
30.Ba5 Kf7 31.Kf1 Ke7 32.c7 Kd7 33.Rc4 Bd6 34.g3 e4 35.Ke2 g5 36.h3 h5 37.g4
h4 38.gxf5 exf5 39.Rd4 Nf4+ 40.Kf1 Rxc7 41.Bxc7 Kxc7 42.Nb2 Be5 43.Rc4+ Kd6
44.Nd1 Nxh3 45.Rxb4 Nf4 46.Rb6+ Kc5 47.Rh6 Nd5 48.Rxa6 h3 49.Rh6 g4 50.Ne3 Bf4
51.Nxf5 Bxh6 52.Nxh6 g3 53.fxg3 h2 54.Kg2 e3 0-1

[Event "Prebor mesta VSetina 2018"]
[Site "?"]
[Date "2018.07.06"]
[Round "3.20"]
[White "Hrabosky, Vladimir"]
[Black "Zgarba, Radek"]
[Result "0-1"]
[WhiteElo "1984"]
[BlackElo "1936"]
[PlyCount "86"]

1.e4 c5 2.Nc3 d6 3.g3 g6 4.Bg2 Bg7 5.f4 Nc6 6.d3 e6 7.Nf3 Nge7 8.O-O O-O 9.Be3
Rb8 10.Qd2 b5 11.Rab1 a5 12.Qf2 a4 13.Ne2 Nb4 14.Nc1 Qc7 15.c3 Na6 16.d4 cxd4
17.Bxd4 e5 18.fxe5 dxe5 19.Ba7 Rb7 20.Be3 Be6 21.a3 h6 22.Nd3 Bc4 23.Rfd1 f5
24.exf5 e4 25.Nd4 exd3 26.Bxb7 Qxb7 27.Qd2 Nxf5 28.Nxf5 Rxf5 29.Bxh6 Qf3 30.
Rf1 Qe4 31.Rxf5 Qxf5 32.Bxg7 Kxg7 33.Rf1 Qe5 34.Qf2 Qc5 35.Qxc5 Nxc5 36.Kf2 d2
37.Rd1 Bb3 38.Rxd2 Ne4+ 39.Ke3 Nxd2 40.Kxd2 Kf6 41.Ke2 Kf5 42.h3 Bc4+ 43.Ke3
Bf1 0-1

[Event "Prebor mesta Vsetina 2018"]
[Site "?"]
[Date "2018.07.06"]
[Round "3.18"]
[White "Travnicek, Krystof M."]
[Black "Hurtak, Otto"]
[Result "1/2-1/2"]
[WhiteElo "1844"]
[BlackElo "1958"]
[PlyCount "31"]

1.e4 c5 2.Nf3 g6 3.d4 cxd4 4.Nxd4 Nc6 5.c4 Bg7 6.Be3 Nf6 7.Nc3 Ng4 8.Qxg4 Nxd4
9.Qd1 e5 10.Bd3 O-O 11.Nd5 d6 12.Qd2 Be6 13.O-O Qd7 14.Rac1 Rac8 15.b3 Bxd5
16.cxd5 1/2-1/2